<?xml version="1.0" encoding="UTF-8"?>
<record
    xmlns:xsi="http://www.w3.org/2001/XMLSchema-instance"
    xsi:schemaLocation="http://www.loc.gov/MARC21/slim http://www.loc.gov/standards/marcxml/schema/MARC21slim.xsd"
    xmlns="http://www.loc.gov/MARC21/slim">

  <leader>01505nam a2200229 a 4500</leader>
  <controlfield tag="001">000045990</controlfield>
  <controlfield tag="005">20201002052551.0</controlfield>
  <controlfield tag="008">150605s2014    dr a          000 0 spa d</controlfield>
  <datafield tag="020" ind1=" " ind2=" ">
    <subfield code="a">9789945865998</subfield>
  </datafield>
  <datafield tag="040" ind1=" " ind2=" ">
    <subfield code="a">DO-SdBNP</subfield>
    <subfield code="b">spa</subfield>
    <subfield code="c">BNPHU</subfield>
  </datafield>
  <datafield tag="082" ind1=" " ind2=" ">
    <subfield code="a">xxxx</subfield>
    <subfield code="b">xxxx</subfield>
  </datafield>
  <datafield tag="100" ind1="1" ind2=" ">
    <subfield code="a">G&#xF3;mez Valenzuela, V&#xED;ctor</subfield>
    <subfield code="9">74056</subfield>
  </datafield>
  <datafield tag="245" ind1="1" ind2="0">
    <subfield code="a">An&#xE1;lisis del capital intelectual de empresas Dominicanas :</subfield>
    <subfield code="b">la importancia de las ideas y del conocimiento /</subfield>
    <subfield code="c">V&#xED;ctor G&#xF3;mez Valenzuela ; presentaci&#xF3;n Juan Jos&#xE9; B&#xE1;ez Carvajal, Andr&#xE9;s Vanderhorst &#xC1;lvarez.</subfield>
  </datafield>
  <datafield tag="260" ind1=" " ind2=" ">
    <subfield code="a">Santo Domingo :</subfield>
    <subfield code="b">ONAPI,</subfield>
    <subfield code="c">2014.</subfield>
  </datafield>
  <datafield tag="300" ind1=" " ind2=" ">
    <subfield code="a">90 p. :</subfield>
    <subfield code="b">il., mapas, retrs. ;</subfield>
    <subfield code="c">28 cm.</subfield>
  </datafield>
  <datafield tag="504" ind1=" " ind2=" ">
    <subfield code="a">Bibliograf&#xED;a : p. 85-90</subfield>
  </datafield>
  <datafield tag="505" ind1="0" ind2=" ">
    <subfield code="a">Introducci&#xF3;n --</subfield>
    <subfield code="t">Contexto institucional --</subfield>
    <subfield code="t">Una r&#xE1;pida mirada a la realidad econ&#xF3;mica y social del pa&#xED;s --</subfield>
    <subfield code="t">Comprendiendo el capital intelectual --</subfield>
    <subfield code="t">El concepto de sistema nacional de innovaci&#xF3;n --</subfield>
    <subfield code="t">Enfoque metodol&#xF3;gico --</subfield>
    <subfield code="t">Aproximaci&#xF3;n metodol&#xF3;gica --</subfield>
    <subfield code="t">Resultados --</subfield>
    <subfield code="t">Resultados descriptivos: caracterizando a las empresas --</subfield>
    <subfield code="t">El an&#xE1;lisis factorial exploratorio: simplificaci&#xF3;n de factores --</subfield>
    <subfield code="t">Desempe&#xF1;o de las empresas y capital intelectual --</subfield>
    <subfield code="t">Balance de resultados y conclusiones --</subfield>
    <subfield code="t">Balance de los resultados --</subfield>
    <subfield code="t">Consideraciones finales --</subfield>
  </datafield>
  <datafield tag="500" ind1=" " ind2=" ">
    <subfield code="a">Incluye datos biogr&#xE1;ficos del autor.</subfield>
  </datafield>
  <datafield tag="710" ind1="2" ind2="2">
    <subfield code="a">Oficina Nacional de la Propiedad Industrial ONAPI, Rep&#xFA;blica Dominicana</subfield>
    <subfield code="9">74057</subfield>
  </datafield>
  <datafield tag="700" ind1="1" ind2="2">
    <subfield code="a">B&#xE1;ez Carvajal, Juan Jos&#xE9;,</subfield>
    <subfield code="e">pres.</subfield>
    <subfield code="9">74058</subfield>
  </datafield>
  <datafield tag="700" ind1="1" ind2="2">
    <subfield code="a">Vanderhorst &#xC1;lvarez, Andr&#xE9;s,</subfield>
    <subfield code="9">74059</subfield>
  </datafield>
  <datafield tag="952" ind1=" " ind2=" ">
    <subfield code="0">0</subfield>
    <subfield code="1">0</subfield>
    <subfield code="7">1</subfield>
    <subfield code="8">PD</subfield>
    <subfield code="a">PD</subfield>
    <subfield code="b">PD</subfield>
    <subfield code="c">CT</subfield>
    <subfield code="d">2015-06-05</subfield>
    <subfield code="i">LF1</subfield>
    <subfield code="l">0</subfield>
    <subfield code="o">xxxx xxxx</subfield>
    <subfield code="p">45990-10</subfield>
    <subfield code="r">2020-06-25</subfield>
    <subfield code="w">2020-06-25</subfield>
    <subfield code="y">LFPD</subfield>
    <subfield code="Z">No se presta</subfield>
  </datafield>
  <datafield tag="952" ind1=" " ind2=" ">
    <subfield code="0">0</subfield>
    <subfield code="1">0</subfield>
    <subfield code="7">1</subfield>
    <subfield code="8">PD</subfield>
    <subfield code="a">PD</subfield>
    <subfield code="b">PD</subfield>
    <subfield code="c">CT</subfield>
    <subfield code="d">2015-06-05</subfield>
    <subfield code="i">LF1</subfield>
    <subfield code="l">0</subfield>
    <subfield code="o">xxxx xxxx</subfield>
    <subfield code="p">45990-20</subfield>
    <subfield code="r">2020-06-25</subfield>
    <subfield code="t">e. 2</subfield>
    <subfield code="w">2020-06-25</subfield>
    <subfield code="y">LFPD</subfield>
    <subfield code="Z">No se presta</subfield>
  </datafield>
  <datafield tag="999" ind1=" " ind2=" ">
    <subfield code="c">45479</subfield>
    <subfield code="d">45479</subfield>
  </datafield>
</record>
